000 00726nam a2200193 a 4500
003 0
005 20250415121250.0
008 060801s19uu xx 00 eng d
050 _aPHS LB 2866
_b.K56 2006
100 _aKim, Jong Man.
245 _aSecurity and safety standards of Southville International School and Colleges /
_cJong Man Kim.
260 _aLas PiƱas City, Philippines :
_bSouthville International School and Colleges,
_c2006.
300 _a26 pages ;
_c28 cm.
504 _aIncludes bibliographical references.
650 _aSchool safety measures
_zPhilippines.
650 _aEducational institutions
_xSecurity measures.
650 _aSchool management and organization
_zPhilippines.
942 _2lcc
_cPASS
999 _c97625
_d97625